guerre froide - Statistiques

Statistiques générales
  • Ce quiz a été pris 93 fois
  • Le résultat moyen est 5 sur 15
Statistiques - réponses
moment événement % Correct
9 novembre 1989 Chute du mur de Berlin
76%
1948-1949 Blocus de Berlin
59%
Juin 1947 Plan Marshall
51%
1962 Crise de Cuba
49%
1965-1975 Guerre du Vietnam
49%
1950 Guerre de Corée
39%
Mars 1947 Doctrine Truman
29%
1954-1962 Guerre d'Algérie
25%
1955 Pacte de Varsovie
25%
1961 Construction du mur de Berlin
18%
1945 Conférence de Yalta
16%
1949 Création de l'OTAN
7%
1991 Disparition de l'URSS
3%
1947 Indépendance de l'Inde
3%
1990 Réunification allemande
3%
Aucun quiz correspondant
Distribution des résultats
% des personnes avec chaque résultat
Percentile par nombre de réponses
Votre historique - résultats
Vous n’avez pas pris ce quiz